000 00681nam a2200253Ia 4500
003 OSt
005 20221006142358.0
006 a|||||r|||| 00| 0
007 ta
008 221006b |||||||| |||| 00| 0 eng d
020 _a0804711666
_c
_28.50
024 _a6,225
037 _cTextual
040 _aEASL
_cEASL
_beng
041 _2eng
_aeng
082 _aO42,1.N78, M3
100 _aUEDA Makoto
_9647561
245 0 _aModern Japanese poets and the nature of literature
260 _aStandford
_bStandford University
_c1983
300 _a451p.
_ccm.
490 _v JEL
942 _hO42,1.N78, M3
_cTEXL
_2CC
999 _c1074311
_d1074311